000 00779nam a2200229Ia 4500
001 17439
003 GE_BSU
008 181216s||||||||xx |||||||||||||| ||und||
040 _cGE_BSU
080 _a821.353.1-1
100 _aკალაძე,კარლო
245 _aუკრაინელ მეგობრებს
245 _bლექსები
245 _cპ/მ რედ.:ი.აბაშიძე;მხატვ.:ს.კეცხოველი
260 _aთბილისი
260 _bსაბლიტგამი
260 _c1954
300 _a96გვ.;17სმ
300 _eილ.გაშლილი თავფურცელი უკრაინულ ენაზე
653 _aლექსები
942 _cBK
999 _c50490
_d50490